|
|
|
|
| LEADER |
00000nam a2200000Ia 4500 |
| 008 |
170908b1998 cr ||||| |||| 00| | spa d |
| 999 |
|
|
|c 936
|d 936
|
| 020 |
|
|
|a 9977020140
|
| 090 |
|
|
|a 04.02.01
|b 623
|
| 100 |
1 |
|
|a Chile Pixtún, Apolinario
|9 3162
|
| 245 |
1 |
0 |
|a Pueblos indígenas, paz y universidades nacionales en Centroamérica /
|c Apolinario Chile Pixtún; Marco A. Sagastume Gemmell; Hazel Vargas Zeledón
|
| 260 |
|
|
|a San José, Costa Rica :
|b EDUCA,
|c 1998
|
| 300 |
|
|
|a 118 páginas
|
| 490 |
|
|
|a Cuadernos educativos,
|v 13
|
| 650 |
1 |
4 |
|a DERECHOS HUMANOS
|9 588
|
| 650 |
1 |
4 |
|a EDUCACIÓN SUPERIOR
|9 8
|
| 650 |
1 |
4 |
|a INDÍGENAS
|9 427
|
| 651 |
|
4 |
|a AMÉRICA CENTRAL
|9 457
|
| 700 |
1 |
|
|a Sagastume Gemmell, Marco Antonio
|9 3160
|
| 700 |
1 |
|
|a Vargas Zeledón, Hazel
|9 3163
|
| 942 |
|
|
|i 00492
|h 04.02.01 623
|2 z
|c 01
|